00291pab a2200121 454500008004000000100001700040245003400057260000900091300001200100362001500112650003100127773001100158180718b1991 xxu||||| |||| 00| 0 eng d aAlok, Ravita aLeather industrybAn overview c1991 a24-7.34 a16-28 Feb. aLeather Industry and Trade aYojana